ბათუმის შოთა რუსთაველის სახელმწიფო უნივერსიტეტის ბიბლიოთეკა

История первобытного общества : (ბიბ.ჩანაწერი № 61194)

000 -LEADER
fixed length control field 00743nam a22001817a 4500
005 - DATE AND TIME OF LATEST TRANSACTION
control field 20231229123451.0
008 - FIXED-LENGTH DATA ELEMENTS--GENERAL INFORMATION
fixed length control field 231229s1988 ru ||||| |||| 00| 0 rus d
020 ## - INTERNATIONAL STANDARD BOOK NUMBER
International Standard Book Number 5020099376
041 ## - LANGUAGE CODE
Language code of text/sound track or separate title rus
080 ## - UNIVERSAL DECIMAL CLASSIFICATION NUMBER
Universal Decimal Classification number 94(3) И-90
245 ## - TITLE STATEMENT
Title История первобытного общества :
Remainder of title Эпоха классообразования /
Statement of responsibility, etc. Отв. ред. Бромлей.
264 ## - PRODUCTION, PUBLICATION, DISTRIBUTION, MANUFACTURE, AND COPYRIGHT NOTICE
Place of production, publication, distribution, manufacture М.:
Name of producer, publisher, distributor, manufacturer Наука,
Date of production, publication, distribution, manufacture, or copyright notice 1988.
300 ## - PHYSICAL DESCRIPTION
Extent 568 с.;
Other physical details 22 см.
653 ## - INDEX TERM--UNCONTROLLED
keyword პირველყოფილი საზოგადოების ისტორია.
653 ## - INDEX TERM--UNCONTROLLED
keyword კლასების ფორმირების ერა
700 ## - ADDED ENTRY--PERSONAL NAME
Personal name Бромлей, Ю.В.
Relator term რედაქტორი
9 (RLIN) 20933
942 ## - ADDED ENTRY ELEMENTS (KOHA)
Source of classification or shelving scheme
Koha item type წიგნი
ეგზემპლარები
Withdrawn status Lost status Source of classification or shelving scheme Damaged status Not for loan Permanent Location Current Location Shelving location Date acquired Cost, normal purchase price Full call number Barcode Date last seen Copy number Uniform Resource Identifier Price effective from Koha item type Public note
          ბათუმის შოთა რუსთაველის სახელმწიფო უნივერსიტეტის მთავარი ბიბლიოთეკა ბათუმის შოთა რუსთაველის სახელმწიფო უნივერსიტეტის მთავარი ბიბლიოთეკა წიგნსაცავი 2023-12-29 10.00 94(3) И-90 65710 2023-12-29 65710 ბსუ-ს საპატიო დოქტორის გურამ ლორთქიფანიძის საჩუქარი 2023-12-29 წიგნი 10 ლ.